00334nam a2200121Ia 4500008004100000040001600041041001200057082001700069100001900086245005600105260003600161300001500197230917s9999||||xx |||||||||||||| ||und|| e38781aMAIN aEnglish a822.09 B729E aBradbrook, M C 0aEnglish dramatic form: A history of its development aLondonbChatto and Windusc1965 aix, 205 p.